| 000 | 00882nas a2200289 4500 | ||
|---|---|---|---|
| 001 | BR0806921 | ||
| 003 | BR-BrBNA | ||
| 005 | 20231205112507.0 | ||
| 007 | ta | ||
| 008 | 230509b bl.|||p| |||| 00| 00por d | ||
| 040 |
_aBR-BrBNA _bpor _cBiblioteca Nacional de Agricultura |
||
| 041 | _a(Pt) | ||
| 072 | _aF02 | ||
| 100 | 1 | _aRodrigues, J.D. | |
| 100 | 1 | _aAraújo, A.G. de | |
| 100 | 1 | _aPasqual, M. | |
| 100 | 1 | _aFerreira, E.A. | |
| 100 | 1 | _aRocha, H.S. | |
| 100 | 1 | _aRodrigues, F.A. | |
| 245 | 1 | _aÁcido giberélico e número de explantes na propagação in vitro de Cattleya loddigesii Lindl. | |
| 650 | _aCATLEIA | ||
| 650 | _aÁCIDO GIBERELICO | ||
| 650 | _aCULTURA DE TECIDO | ||
| 773 | 0 |
_tPlant Cell Culture
Micropropagation (Brazil) _xISSN 1808-9909 _g(2007), v. 3(2) p. 78-82 _wBR0806921 |
|
| 909 |
_a202311 _bLúcia _c55 _dLúcia Elande |
||
| 942 |
_2AGRIS _n0 _cANA |
||
| 999 |
_c198357 _d198357 |
||